000 00640nam a2200229Ia 4500
003 OSt
005 20230511144448.0
008 210423s2010 xx 000 0 und d
020 _a9788126525416
040 _cAL
041 _aeng
082 _a660.6
_223
_bREHH
100 _aREHM (H J);REED (G),Ed.
_9103346
245 _aBiotechnology: environmental process II-solid decontamination.
250 _a2
260 _aNew Delhi
_bWiley India Pvt Ltd
_c2010
300 _axiv,528
_bHB
365 _b3252
_cINR
440 _v11b
906 _aBiotechnology: ; decontamination. ; environmental ; II-solid ; process
942 _2ddc
_cBK
999 _c164255
_d164255